000 00674nab a2200169Ia 4500
003 ES-SlBCS
005 20210601133741.0
008 140529s2009 xxu||||| |||| 00| 0 por d
041 _apor
100 1 _aVale Gatti, Giseli Cristina do
_9209107
245 0 0 _aHistória de uma instituiçao escolar secundária e sua cultura material: o ginásio mineiro de Uberlândia (1920-1960)
_c Giseli Cristina do Vale Gatti, Geraldo Inácio Filho, Décio Gatti
650 0 4 _aEscuela Secundaria
_9201562
700 1 _aFilho, Geraldo Inácio
_9209104
700 1 _aGatti, Décio
_9209208
773 0 _tEducaçao e Filosofia
_gvol. 23, nº. 46, 2009, págs. 119-144
_wRev1534
942 _cAR
999 _c601517
_d601517